Anuario jurídico-administrativo : (Record no. 53658)
[ view plain ]
| 000 -LEADER | |
|---|---|
| campo de control de longitud fija | 01351nam a22002295i 4500 |
| 001 - NÚMERO DE CONTROL | |
| campo de control | 53658 |
| 003 - IDENTIFICADOR DE NÚMERO DE CONTROL | |
| campo de control | ES-MaACL |
| 005 - FECHA Y HORA DE LA ÚLTIMA TRANSACCIÓN | |
| campo de control | 20250809020256.0 |
| 007 - CAMPO FIJO DE DESCRIPCIÓN FÍSICA--INFORMACIÓN GENERAL | |
| campo de control de longitud fija | t| |
| 008 - DATOS DE LONGITUD FIJA--INFORMACIÓN GENERAL | |
| campo de control de longitud fija | 960529s1881 sp ||||1| spa d |
| 100 1# - ENTRADA PRINCIPAL--NOMBRE DE PERSONA | |
| Nombre de persona | Fernández y Bernal, M. José. |
| 9 (RLIN) | 50171 |
| 245 10 - MENCIÓN DEL TÍTULO | |
| Título | Anuario jurídico-administrativo : |
| Resto del título | obra indispensable a los funcionarios del orden judicial y administrativo, a los abogados, notarios, procuradores y auxiliares de los juzgados y tribunales y sumamente útil a los propietarios, administradores, a los que contratan y en general a todas las clases de la sociedad... / |
| Mención de responsabilidad, etc. | por José Fernández y Bernal ; bajo la dirección de Narciso de Olañeta. |
| 250 ## - MENCION DE EDICION | |
| Mención de edición | 1ª ed. |
| 260 ## - PUBLICACIÓN, DISTRIBUCIÓN, ETC. | |
| Lugar de publicación, distribución, etc. | Madrid : |
| Nombre del editor, distribuidor, etc. | [s.n.], |
| Fecha de publicación, distribución, etc. | 1881 ( |
| Fabricante | Estab. Tip. de M. Minuesa) |
| 300 ## - DESCRIPCIÓN FÍSICA | |
| Extensión | VIII, 201, 160 p. ; |
| Dimensiones | 23 cm. |
| 505 8# - NOTA DE CONTENIDO CON FORMATO | |
| Nota de contenido con formato | Contiene: Parte primera. Índice de las principales disposiciones legales, aplicables y vigentes en España y sus posesiones de ultramar sobre las diferentes ramas del derecho y administración publicadas hasta el 31 de julio de 1880 (p. 1-201)- Parte segunda. Papel sellado ; aranceles ; partidos judiciales (p. 1-160) |
| 650 04 - PUNTO DE ACCESO ADICIONAL DE MATERIA--TÉRMINO DE MATERIA | |
| Término de materia o nombre geográfico como elemento de entrada | Derecho- |
| Subdivisión geográfica | España- |
| Subdivisión cronológica | S.XIX |
| 9 (RLIN) | 11618 |
| 650 #4 - PUNTO DE ACCESO ADICIONAL DE MATERIA--TÉRMINO DE MATERIA | |
| Término de materia o nombre geográfico como elemento de entrada | Aranceles- |
| Subdivisión geográfica | España. |
| 9 (RLIN) | 135595 |
| 700 1# - ENTRADA AGREGADA--NOMBRE PERSONAL | |
| Nombre de persona | Olañeta, Narciso de. |
| 9 (RLIN) | 86655 |
| 852 ## - LOCALIZACIÓN | |
| Ubicación | ES-MaACL |
| Número de control de estantería | T-794-F-1 |
| Estatus retirado | Estado de pérdida | Estado de daño | No para préstamo | Colección | Biblioteca de origen | Biblioteca actual | Ubicación en estantería | Fecha de adquisición | Fuente de adquisición | Total de préstamos | Signatura topográfica completa | Código de barras | Visto por última vez | Precio de reemplazo | Tipo de ítem Koha |
|---|---|---|---|---|---|---|---|---|---|---|---|---|---|---|---|
| Colección de folletos | Biblioteca del Ateneo de Madrid | Biblioteca del Ateneo de Madrid | Depósito folletos | 17/01/2008 | T-794-F-1 | 1056381 | 23/02/2023 | 23/02/2023 | Folleto |
